Most Ballon D'Or Appearances - Statistics

General Stats
  • This quiz has been taken 593 times
    546 since last reset
  • The average score is 23 of 42
Answer Stats
Answer % Correct
Cristiano Ronaldo
100%
Lionel Messi
100%
Ronaldo
100%
Gerd Müller
92%
Zinedine Zidane
84%
Zlatan Ibrahimović
80%
Andrés Iniesta
76%
Eusébio
76%
Johan Cruyff
76%
Michel Platini
76%
Neymar
75%
Andriy Shevchenko
74%
Franz Beckenbauer
74%
Xavi
74%
Thierry Henry
72%
Didier Drogba
71%
Gianluigi Buffon
68%
Marco Van Basten
66%
Paolo Maldini
66%
Samuel Eto'o
64%
Lev Yashin
62%
Ferenc Puskás
61%
Rivaldo
56%
Kaká
52%
Lothar Matthäus
52%
Bobby Charlton
51%
Iker Casillas
49%
Andrea Pirlo
43%
Michael Laudrup
41%
Alfredo Di Stefáno
39%
Luis Suárez
38%
Raúl
37%
Karl-Heinz Rummenigge
32%
Bobby Moore
29%
Frank Rijkaard
25%
Dennis Bergkamp
20%
Raymond Kopa
20%
Gianni Rivera
19%
Jürgen Klinsmann
16%
John Charles
9%
Bryan Robson
2%
Bernd Schuster
1%
No matching quizzes found
Score Distribution
Percent of People with Each Score
Percentile by Number Answered
Your Score History
You have not taken this quiz since the last reset